| 000 | 01336nam a22002777a 4500 | ||
|---|---|---|---|
| 001 | EPSA 0318 | ||
| 003 | gtcocun | ||
| 005 | 20250829181802.0 | ||
| 006 | a||||gr|||| 00| 0 | ||
| 007 | ta | ||
| 008 | 250829b2025 gt ||||| m||| 00| 0 eng d | ||
| 040 |
_agtcocun _bSPA _cgtcocun _eRDA |
||
| 041 | _aSPA EPSA 0318 | ||
| 084 | _0EPSA 0318 | ||
| 100 |
_aChub Cuz, Ubaldo Bladimir _eAutor |
||
| 245 |
_aINFORME DEL EJERCICIO PROFESIONAL SUPERVISADO, REALIZADO EN COOPLEDE, R.L., COBÁN, ALTA VERAPAZ/ _cUbaldo Bladimir Chub Cuz _hImpreso |
||
| 264 |
_aCobán, Alta Verapaz: _bUniversidad de San Carlos de Guatemala, Centro Universitario del Norte, Licenciatura en Administración de Empresas _c2025 |
||
| 300 |
_a57 p.: _bIlustraciones, gráficas. _c28 cm; |
||
| 502 | _eEPSA 0318 | ||
| 502 |
_aTesis de grado _bLicenciatura en Administración de Empresas, _cUniversidad de San Carlos de Guatemala, Centro Universitario del Norte, Licenciatura en Administración de Empresas _d2025 _oEPSA 0318 |
||
| 650 |
_2LEMB _aCobán, Alta Verapaz _xAdministración _xDiagnóstico _xProcesos productivos _xManuales _xMejoras _xEficiencia |
||
| 700 |
_aM.A. Julio Armando Samayoa Santiago _eAsesor |
||
| 856 |
_uSin archivo en línea _zSin archivo en línea |
||
| 942 |
_2ddc _cTES _iEPSA 0318 _kClasificación _n0 _6EPSA_0318_000000000000000 |
||
| 999 |
_c1539 _d1539 |
||